[Event "AUTO-OPEN-3800"]
[Site "http://www.queenalice.com/game.php?id=1511394"]
[Date "2018.1.11"]
[Round "3"]
[White "ReyFeroz"]
[Black "miltonlovisk"]
[Result "1-0"]
[WhiteElo "1805"]
[BlackElo "2141"]

1. c4 e5 2. Nc3 h6 3. g3 a6 4. Bg2 c6 5. d4 exd4 6. Qxd4 Nf6 7. Nf3 d5 8. O-O
Be6 9. cxd5 cxd5 10. Bf4 Nc6 11. Qd1 Bd6 12. Bxd6 Qxd6 13. Nd4 O-O 14. Rc1 Rfd8
15. Na4 Nxd4 16. Qxd4 b5 17. Nc5 Rdb8 18. e4 Nd7 19. exd5 Bf5 20. Nxd7 Bxd7 21.
Rfe1 Re8 22. a3 Red8 23. b4 a5 24. Qc5 Qxc5 25. bxc5 Bf5 26. d6 Ra7 27. c6 Bc8
28. d7 Bxd7 29. cxd7 Raxd7 30. Bc6 Rd3 31. Bxb5 Rxa3 32. Rc7 g6 33. Ree7 Rf8 34.
Kg2 g5 35. Bc4 Kg7 36. Bxf7 Kf6 37. Bh5 Ra1 38. Rh7 a4 39. Rxh6+ Ke5 40. Rc5+
Kd4 41. Rxg5 a3 42. Ra6 Rb8 43. Rga5 Rb3 44. h4 Kc3 45. Bf7 Rb2 46. Rxa3+ 1-0

[Event "AUTO-OPEN-3799"]
[Site "http://www.queenalice.com/game.php?id=1518937"]
[Date "2018.3.8"]
[Round "3"]
[White "ReyFeroz"]
[Black "lida"]
[Result "1/2-1/2"]
[WhiteElo "1917"]
[BlackElo "2477"]

1. c4 e5 2. Nc3 Nf6 3. g3 Bb4 4. Bg2 O-O 5. Nf3 Re8 6. O-O e4 7. Nd4 Bxc3 8.
bxc3 c5 9. Nc2 Nc6 10. Ne3 Na5 11. Qc2 b6 12. f3 Bb7 13. fxe4 Bxe4 14. Bxe4 Nxe4
15. d3 Nf6 16. Nf5 Re6 17. e4 Qf8 18. Qd1 d6 19. h3 Nd7 20. g4 Ne5 21. h4 Kh8
22. g5 f6 23. h5 fxg5 24. Bxg5 Nf7 25. Bf4 Nc6 26. Rb1 g6 27. hxg6 Rxg6+ 28. Kh1
Ne7 29. Rb2 Nxf5 30. exf5 Rg8 31. Rh2 Qe7 32. Qh5 Qb7+ 33. Qf3 Qxf3+ 34. Rxf3
Rae8 35. Rhf2 Rg4 36. Kh2 Kg7 37. f6+ Kf8 38. Rh3 Kg8 39. Rg3 Rxg3 40. Kxg3 Re6
41. a4 Rxf6 42. Re2 Kf8 43. a5 bxa5 44. Ra2 Ne5 45. Bxe5 dxe5 46. Rxa5 Rd6 47.
Rxa7 Rxd3+ 48. Kg4 Rxc3 49. Rxh7 e4 50. Rh5 Rxc4 51. Re5 e3+ 52. Kf3 Rc3 53.
Rxe3 Rxe3+ 54. Kxe3 Ke7 55. Kd3 Kd7 56. Kc3 Kd6 57. Kc4 Kc6 58. Kc3 Kd5 59. Kd3
c4+ 60. Kc3 Kc5 61. Kc2 Kd4 62. Kd2 c3+ 63. Kc2 Kc4 64. Kc1 Kd3 65. Kd1 c2+ 66.
Kc1 Kc3 1/2-1/2

[Event "AUTO-OPEN-3799"]
[Site "http://www.queenalice.com/game.php?id=1518938"]
[Date "2018.3.8"]
[Round "3"]
[White "lida"]
[Black "ReyFeroz"]
[Result "1-0"]
[WhiteElo "2476"]
[BlackElo "1919"]

1. e4 e6 2. d4 d5 3. Nc3 Nf6 4. Bg5 dxe4 5. Nxe4 Be7 6. Bxf6 gxf6 7. Nf3 f5 8.
Nc3 Bf6 9. Qd2 a6 10. O-O-O b5 11. d5 O-O 12. Qe3 Qe7 13. dxe6 fxe6 14. Rg1 Bb7
15. g4 Kh8 16. g5 Bg7 17. Nd4 Bxd4 18. Qxd4+ e5 19. Qe3 Nd7 20. Bh3 Nb6 21. g6
f4 22. Qd3 Rg8 23. Bf5 f3 24. Ne4 hxg6 25. Bxg6 Nd5 26. Ng5 Nf4 27. Qf5 Rxg6 28.
Rd7 Be4 29. Qxe4 Qxd7 30. Qxa8+ Kg7 31. Qxf3 Kh6 32. Rd1 Rd6 33. Re1 Qc6 34.
Nf7+ Kg7 35. Qxc6 Rxc6 36. Nxe5 Re6 37. Re3 Nd5 38. Rg3+ Kf6 39. Nd3 Re4 40. Rh3
a5 41. Rh6+ Ke7 42. Kd2 b4 43. Ra6 Rh4 44. Rxa5 Kd6 45. h3 c6 46. Ra4 Rxh3 47.
Ke2 1-0

[Event "AUTO-OPEN-3925"]
[Site "http://www.queenalice.com/game.php?id=1524475"]
[Date "2018.4.22"]
[Round "1"]
[White "NIBIRO"]
[Black "ReyFeroz"]
[Result "0-1"]
[WhiteElo "1831"]
[BlackElo "1834"]

1. e4 e6 2. d4 d5 3. exd5 exd5 4. Nf3 Bd6 5. Bd3 Bg4 6. O-O Nc6 7. c3 Qd7 8.
Re1+ Nge7 9. Bg5 f6 10. Bh4 O-O-O 11. b4 g5 12. Bg3 Bxg3 13. hxg3 h5 14. a4 h4
15. Nbd2 hxg3 16. fxg3 Nf5 17. Nf1 Qd6 18. N3h2 Bxd1 19. Bxf5+ Kb8 20. Raxd1
Rde8 0-1

[Event "AUTO-OPEN-3925"]
[Site "http://www.queenalice.com/game.php?id=1524476"]
[Date "2018.4.22"]
[Round "1"]
[White "ReyFeroz"]
[Black "NIBIRO"]
[Result "1-0"]
[WhiteElo "1886"]
[BlackElo "1975"]

1. c4 Nf6 2. Nc3 e5 3. g3 c6 4. d4 Bb4 5. dxe5 Ne4 6. Qc2 Nxc3 7. bxc3 Bc5 8.
Bg2 O-O 9. Nf3 d6 10. Ng5 g6 11. Ne4 Bf5 12. exd6 Bxe4 13. Qxe4 Nd7 14. O-O Nf6
15. Qh4 Qxd6 16. Bg5 Nd7 17. Rad1 Qe6 18. Bh3 f5 19. Rxd7 Qxd7 20. e4 Rae8 21.
exf5 gxf5 22. Bf6 Rxf6 23. Qxf6 Rf8 24. Qe5 Bd6 25. Qd4 c5 26. Qd5+ Kg7 27. Rd1
Rf6 28. Qxc5 Qe7 29. Qd5 Bc5 30. Qd7 Kf7 31. Bxf5 Qxd7 32. Rxd7+ 1-0

[Event "AUTO-OPEN-3925"]
[Site "http://www.queenalice.com/game.php?id=1524501"]
[Date "2018.4.22"]
[Round "1"]
[White "Adrianovlg"]
[Black "ReyFeroz"]
[Result "0-1"]
[WhiteElo "2027"]
[BlackElo "1931"]

1. e4 c6 2. d4 d5 3. Nc3 dxe4 4. Nxe4 Bf5 5. Ng3 Bg6 6. h4 h6 7. h5 Bh7 8. Bd3
Bxd3 9. Qxd3 Nf6 10. Nf3 Nbd7 11. Bf4 Qa5+ 12. c3 e6 13. O-O Nxh5 14. Be5 Nhf6
15. Rfe1 Be7 16. b4 Qb5 17. c4 Qxb4 18. Rab1 Qa3 19. Qxa3 Bxa3 20. Rxb7 O-O 21.
c5 a5 22. Bd6 Rfc8 23. Reb1 a4 24. Nd2 e5 25. dxe5 Bxc5 26. exf6 Bxd6 27. Rxd7
Bxg3 28. fxg3 gxf6 29. Rbb7 Rd8 30. Ne4 Rxd7 31. Nxf6+ Kg7 32. Nxd7 Ra5 33. Rb4
a3 34. Nb6 Rb5 35. Rxb5 cxb5 36. Nd5 f6 0-1

[Event "AUTO-OPEN-3925"]
[Site "http://www.queenalice.com/game.php?id=1524502"]
[Date "2018.4.22"]
[Round "1"]
[White "ReyFeroz"]
[Black "Adrianovlg"]
[Result "1-0"]
[WhiteElo "1850"]
[BlackElo "2125"]

1. c4 Nf6 2. Nc3 g6 3. e4 d6 4. d4 Bg7 5. f3 O-O 6. Be3 c6 7. Bd3 e5 8. Nge2
Nbd7 9. d5 cxd5 10. cxd5 a6 11. O-O b5 12. b4 Nb6 13. a4 Bb7 14. axb5 1-0

[Event "AUTO-OPEN-3925"]
[Site "http://www.queenalice.com/game.php?id=1524519"]
[Date "2018.4.22"]
[Round "1"]
[White "ReyFeroz"]
[Black "Alex_ac"]
[Result "1-0"]
[WhiteElo "1877"]
[BlackElo "1702"]

1. c4 c5 2. Nc3 a6 3. g3 e6 4. Bg2 Nf6 5. Nf3 d5 6. cxd5 Nxd5 7. O-O g6 8. d4
Nd7 9. e4 Nxc3 10. bxc3 c4 11. Bg5 Be7 12. Bh6 Bf8 13. Bxf8 Kxf8 14. d5 Qa5 15.
Qd4 f6 16. dxe6 Ne5 17. Qd6+ Ke8 18. Rad1 Nc6 19. e5 fxe5 20. Ng5 Qd8 21. Bxc6+
bxc6 22. Qxd8# 1-0

[Event "AUTO-OPEN-3925"]
[Site "http://www.queenalice.com/game.php?id=1524520"]
[Date "2018.4.22"]
[Round "1"]
[White "Alex_ac"]
[Black "ReyFeroz"]
[Result "0-1"]
[WhiteElo "1835"]
[BlackElo "1906"]

1. e4 e6 2. d4 d5 3. Nc3 Nf6 4. e5 Nfd7 5. a3 a6 6. Nf3 c5 7. dxc5 Bxc5 8. b4
Be7 9. Be2 Qc7 10. O-O Qxc3 11. Bd2 Qc7 12. h3 O-O 13. Bg5 Nc6 14. Bxe7 Nxe7 15.
Bd3 h6 16. Rc1 Nxe5 17. c4 Nxc4 18. Qc2 b5 19. Bh7+ Kh8 20. Ne5 Qxe5 21. Rfe1
Qf6 22. Qd3 g6 23. Bxg6 Qxg6 24. Qd4+ Qg7 25. Qc5 Rg8 26. g3 Nf5 27. g4 h5 28.
f3 Qd4+ 29. Qxd4+ Nxd4 30. Kf2 hxg4 31. hxg4 Kg7 32. f4 Bd7 0-1

[Event "AUTO-OPEN-3925"]
[Site "http://www.queenalice.com/game.php?id=1544521"]
[Date "2018.10.2"]
[Round "2"]
[White "ReyFeroz"]
[Black "ratorei"]
[Result "1-0"]
[WhiteElo "1929"]
[BlackElo "1946"]

1. c4 Nf6 2. Nc3 c6 3. e4 e6 4. e5 Ng8 5. Nf3 d5 6. exd6 Bxd6 7. d4 Nf6 8. Bd3
O-O 9. O-O Qc7 10. Bg5 h6 11. Bxf6 gxf6 12. Qd2 Bf4 13. Qe2 f5 14. Ne5 Qe7 15.
g3 Bg5 16. f4 Bf6 17. Rfd1 Na6 18. a3 Bg7 19. b4 Nc7 20. Rab1 Rd8 21. Qe3 Ne8
22. Be2 Nf6 23. a4 Nd7 24. b5 c5 25. d5 Nf6 26. Bf3 exd5 27. cxd5 Nd7 28. d6 Qf6
29. Nd5 Qxd6 30. Nc4 Qf8 31. Ne7+ Kh8 32. Nxf5 Nb6 33. Nxb6 axb6 34. Rxd8 Qxd8
35. Rd1 Qf6 36. Qe8+ Kh7 37. Nxg7 Kxg7 38. Rd8 Qa1+ 39. Bd1 Kg6 40. Qg8+ Kf5 41.
Qxf7+ 1-0

[Event "AUTO-OPEN-3925"]
[Site "http://www.queenalice.com/game.php?id=1544522"]
[Date "2018.10.2"]
[Round "2"]
[White "ratorei"]
[Black "ReyFeroz"]
[Result "1-0"]
[WhiteElo "1806"]
[BlackElo "1951"]

1. e4 c6 2. Nf3 d5 3. exd5 cxd5 4. d4 Nf6 5. Bd3 Nc6 6. Bg5 Bg4 7. c3 e6 8. Nbd2
Be7 9. Qc2 h6 10. Bh4 Qc7 11. O-O O-O 12. Rfe1 Rac8 13. a3 a6 14. Rac1 b5 15.
Bg3 Bd6 16. Bxd6 Qxd6 17. h3 Bxf3 18. Nxf3 Nd7 19. Qe2 Na5 20. Bb1 Nf6 21. Ne5
Nc4 22. f4 a5 23. g4 b4 24. axb4 axb4 25. h4 bxc3 26. bxc3 Ne4 27. Bxe4 dxe4 28.
Qxe4 Rc7 29. Nd3 Rfc8 30. Nc5 Nb6 31. Re3 Nd7 32. Nxd7 Qxd7 33. f5 exf5 34. gxf5
Qd8 35. Rg3 Qf6 36. Rc2 Rc4 37. h5 Rxd4 38. cxd4 1-0

[Event "AUTO-OPEN-3925"]
[Site "http://www.queenalice.com/game.php?id=1563325"]
[Date "2019.3.6"]
[Round "3"]
[White "Ferro"]
[Black "ReyFeroz"]
[Result "1-0"]
[WhiteElo "2367"]
[BlackElo "1996"]

1. e4 c6 2. d4 d5 3. Nc3 dxe4 4. Nxe4 Bf5 5. Ng3 Bg6 6. Nf3 Nd7 7. Bd3 e6 8. Bf4
Ngf6 9. O-O Nd5 10. Bg5 Be7 11. Bxe7 Qxe7 12. Re1 Bxd3 13. Qxd3 O-O 14. c4 N5f6
15. Rad1 Qb4 16. a3 Qb6 17. b4 a5 18. c5 Qc7 19. b5 cxb5 20. Qxb5 Ra7 21. Rc1
Nb8 22. Nf1 Nc6 23. Ne3 Rd8 24. Qb2 h6 25. Nc4 Ne8 26. Rcd1 Rd5 27. Nb6 Rd8 28.
d5 exd5 29. Nxd5 Qb8 30. Nh4 Nc7 31. Nf5 f6 32. Nxf6+ 1-0

[Event "AUTO-OPEN-3925"]
[Site "http://www.queenalice.com/game.php?id=1563326"]
[Date "2019.3.6"]
[Round "3"]
[White "ReyFeroz"]
[Black "Ferro"]
[Result "1-0"]
[WhiteElo "1946"]
[BlackElo "2381"]

1. c4 e5 2. Nc3 Nf6 3. g3 d5 4. cxd5 Nxd5 5. Bg2 Nxc3 6. bxc3 c5 7. Rb1 Nc6 8.
d3 Bd6 9. Nf3 O-O 10. O-O Rb8 11. Nd2 Be6 12. Qa4 Bd7 13. Ne4 Be7 14. Be3 Nd4
15. Qd1 Ne6 16. d4 exd4 17. cxd4 1-0

[Event "AUTO-OPEN-3925"]
[Site "http://www.queenalice.com/game.php?id=1563329"]
[Date "2019.3.6"]
[Round "3"]
[White "ReyFeroz"]
[Black "ratorei"]
[Result "1-0"]
[WhiteElo "1976"]
[BlackElo "2067"]

1. c4 d5 2. cxd5 Qxd5 3. Nc3 Qd8 4. d4 e6 5. e4 Bb4 6. Nf3 c6 7. Bd3 Nf6 8. O-O
O-O 9. Bf4 h6 10. a3 Ba5 11. b4 Bc7 12. Bxc7 Qxc7 13. Rc1 Qe7 14. Qe2 Nbd7 15.
e5 Nh5 16. Qe4 f5 17. exf6 Nhxf6 18. Qe2 Nb6 19. Ne5 Qd8 20. Rfd1 Nbd5 21. g3
Ne7 22. Bb1 Qe8 23. Qd3 Qh5 24. f3 Rd8 25. Ne4 Bd7 26. Nxf6+ gxf6 27. Qh7+ Kf8
28. Ng6+ Nxg6 29. Bxg6 1-0

[Event "AUTO-OPEN-3925"]
[Site "http://www.queenalice.com/game.php?id=1563330"]
[Date "2019.3.6"]
[Round "3"]
[White "ratorei"]
[Black "ReyFeroz"]
[Result "0-1"]
[WhiteElo "2097"]
[BlackElo "1994"]

1. e4 c6 2. d4 d5 3. exd5 cxd5 4. Bd3 Nc6 5. Nf3 Bg4 6. c3 Qc7 7. Bf4 Qxf4 8.
Nbd2 e6 9. Qb3 Qc7 10. O-O Nf6 11. h3 Bxf3 12. Nxf3 Bd6 13. Rfe1 O-O 14. Re2 Nh5
15. Qc2 g6 16. Rae1 Nf4 17. Re3 Rfe8 18. Bf1 a6 19. a3 Na5 20. g3 Nh5 21. Ne5
Nc4 22. Bxc4 dxc4 23. Qe2 Nf6 24. Nxc4 b5 25. Ne5 Bxe5 26. Rxe5 Rad8 27. Qe3 Kg7
28. Kg2 Rd5 29. Qg5 Rxe5 30. dxe5 Ng8 31. h4 Qe7 32. Qf4 h5 33. Kh3 Nh6 34. Rd1
Nf5 35. Qg5 Qxg5 36. hxg5 Re7 37. Rd3 Rc7 38. g4 hxg4+ 39. Kxg4 Kf8 40. Rd8+ Ke7
41. Ra8 Rc4+ 42. Kf3 Rc6 43. Ra7+ Kf8 44. Ra8+ Kg7 45. Ke2 Rc5 46. f4 Rc4 47.
Kf3 Ne7 48. Rxa6 Nd5 49. Ra5 Rxf4+ 50. Ke2 Rf5 51. Rxb5 Rxe5+ 52. Kd2 Rxg5 53.
c4 Rg2+ 54. Kd3 Ne7 55. a4 Kf6 56. a5 Rg1 57. Rb6 g5 58. Ke2 g4 59. Kf2 Ra1 60.
b4 Kg5 61. c5 Kf4 62. Rb7 Nf5 63. Rxf7 g3+ 64. Kg2 Ra2+ 0-1

[Event "AUTO-MASTER-2913"]
[Site "http://www.queenalice.com/game.php?id=1596842"]
[Date "2020.1.20"]
[Round "1"]
[White "Alexandrovinsk"]
[Black "ReyFeroz"]
[Result "0-1"]
[WhiteElo "2183"]
[BlackElo "2037"]

1. d4 e6 2. c4 d5 3. Nf3 f5 4. Nc3 c6 5. c5 b6 6. cxb6 axb6 7. Bf4 Bd6 8. Bxd6
Qxd6 9. e3 Nd7 10. Be2 Ngf6 11. O-O O-O 12. a3 Ba6 13. Bxa6 Rxa6 14. Qe2 Raa8
15. Nd2 e5 16. dxe5 Nxe5 17. Rad1 Qe7 18. h3 Ne4 19. Ncxe4 fxe4 20. f4 exf3 21.
Nxf3 Nc4 22. Rfe1 Rae8 23. Rd3 Rf6 24. b4 Ra8 25. Nd4 Qe4 26. Nf3 h6 27. Ra1 Re6
28. Nd4 Rg6 29. Rc3 Re8 30. Re1 Re5 31. Nf3 Rh5 32. Kh2 Ne5 33. Nxe5 Qxe5+ 34.
Kh1 Qg3 35. Rf1 Rxh3+ 36. Kg1 Qh2+ 0-1

[Event "AUTO-MASTER-2913"]
[Site "http://www.queenalice.com/game.php?id=1596843"]
[Date "2020.1.20"]
[Round "1"]
[White "ReyFeroz"]
[Black "Alexandrovinsk"]
[Result "1-0"]
[WhiteElo "2014"]
[BlackElo "2195"]

1. c4 Nf6 2. Nc3 g6 3. e4 d6 4. g3 Bg7 5. Bg2 Nc6 6. Nge2 O-O 7. O-O e5 8. d3
Bd7 9. h3 Ne7 10. d4 exd4 11. Nxd4 Nc6 12. Be3 Nxd4 13. Bxd4 Qc8 14. Kh2 Be6 15.
Nd5 Bxd5 16. cxd5 c5 17. dxc6 bxc6 18. Rc1 Rb8 19. e5 dxe5 20. Rxc6 Qe8 21. Bc5
e4 22. Rc7 Qd8 23. Rxa7 Re8 24. Qxd8 Rexd8 25. b3 Re8 26. Re1 Rbc8 27. b4 Bf8
28. Bxf8 Kxf8 29. b5 Rc4 30. a4 Nd5 31. a5 f5 32. b6 h5 33. b7 Rb4 34. a6 Nb6
35. Rc1 Rb8 36. Rc6 g5 37. Rxb6 1-0

[Event "AUTO-MASTER-2913"]
[Site "http://www.queenalice.com/game.php?id=1596850"]
[Date "2020.1.20"]
[Round "1"]
[White "ReyFeroz"]
[Black "Scharlatan"]
[Result "1-0"]
[WhiteElo "2118"]
[BlackElo "2102"]

1. c4 Nf6 2. Nc3 g6 3. e4 d6 4. d4 Bg7 5. f3 O-O 6. Be3 Nc6 7. Bd3 e5 8. Nge2
exd4 9. Nxd4 Re8 10. O-O Nb4 11. Nd5 Nxd3 12. Qxd3 Be6 13. h3 c6 14. Nxf6+ Bxf6
15. Nxe6 fxe6 16. Rfd1 Be7 17. Qb3 Qc7 18. Qc3 Rf8 19. Rd2 Rac8 20. Rad1 b5 21.
cxb5 cxb5 22. Qb3 Qd7 23. Bd4 Qc7 24. Qxe6+ Rf7 25. Bc3 Kf8 26. Qd5 a6 27. Qd4
Qc5 28. Kh1 Bf6 29. Qxd6+ Qxd6 30. Rxd6 Bxc3 31. bxc3 Rxc3 32. Rxa6 Rfc7 33. Rd2
Kf7 34. Rb6 R3c5 35. Rb2 1-0

[Event "AUTO-MASTER-2913"]
[Site "http://www.queenalice.com/game.php?id=1596851"]
[Date "2020.1.20"]
[Round "1"]
[White "Scharlatan"]
[Black "ReyFeroz"]
[Result "0-1"]
[WhiteElo "2124"]
[BlackElo "2059"]

1. e4 e6 2. d4 d5 3. Nc3 Nf6 4. e5 Nfd7 5. f4 a6 6. Nf3 c5 7. Be3 Nc6 8. Qd2 b5
9. dxc5 Bxc5 10. Bd3 Qb6 11. Bf2 Bb7 12. O-O Bxf2+ 13. Rxf2 Nc5 14. Kh1 b4 15.
Ne2 h6 16. Raf1 O-O-O 17. c3 Kb8 18. Nfd4 Nxd3 19. Qxd3 Nxd4 20. cxd4 g6 21. a3
a5 22. Ra1 Ba6 23. Qd2 Bxe2 24. Rxe2 Rc8 25. axb4 Qxb4 26. Rxa5 Qxd2 27. Rxd2
Rc1+ 28. Rd1 Rxd1# 0-1

[Event "AUTO-MASTER-2913"]
[Site "http://www.queenalice.com/game.php?id=1612924"]
[Date "2020.5.20"]
[Round "2"]
[White "Artking"]
[Black "ReyFeroz"]
[Result "0-1"]
[WhiteElo "1897"]
[BlackElo "2157"]

1. d4 e6 2. c4 f5 3. Nc3 Nf6 4. Bg5 Bb4 5. Qd3 h6 6. Bd2 O-O 7. Nf3 d6 8. e3 b6
9. Be2 Bb7 10. O-O Nbd7 11. a3 Bxc3 12. bxc3 Be4 0-1

[Event "AUTO-MASTER-2913"]
[Site "http://www.queenalice.com/game.php?id=1612925"]
[Date "2020.5.20"]
[Round "2"]
[White "ReyFeroz"]
[Black "Artking"]
[Result "0-1"]
[WhiteElo "2161"]
[BlackElo "1982"]

1. c4 Nf6 2. Nc3 c6 3. e4 d6 4. g3 Nbd7 5. Bg2 e5 6. Nge2 Nc5 7. d3 Bg4 8. h3
Bh5 9. Be3 Ne6 10. g4 Bg6 11. Ng3 Nf4 12. Bxf4 exf4 13. Nge2 h5 14. Nxf4 hxg4
15. Nxg6 fxg6 16. hxg4 Rxh1+ 17. Bxh1 Qc7 18. Qc2 Nxg4 19. O-O-O O-O-O 20. Rg1
Ne5 21. f4 Nd7 22. Rxg6 Kb8 23. Kb1 Nc5 24. d4 Nd7 25. e5 dxe5 26. fxe5 a5 27.
b3 Qb6 28. Ne2 a4 29. Qc3 Bb4 30. Qe3 Rh8 31. Be4 axb3 32. axb3 Nxe5 33. Qf4 Bd6
34. Qg3 Nxg6 35. Qxd6+ Ka7 36. Qxg6 Qxb3+ 37. Kc1 Rf8 38. Bc2 Qe3+ 39. Kb2 Qxe2
0-1